banner-ar

Israel since 1980 / (Record no. 60649)

MARC details
000 -الفاتح
حقل البيانات ثابتة الطول 00942cam a2200313 a 4500
005 - وقت وتاريخ اخر تعامل مع التسجيلة
رقم الضبط 20240530110421.0
008 - عناصر البيانات ثابتة الطول - معلومات عامة
حقل البيانات ثابتة الطول 080529s2008 enkab 001 0 eng
016 7# - رقم ضبط الوكاله الوطنية للضبط الببليوجرافي
رقم ضبط التسجيلة 014235293
020 ## - الرقم الدولى المعيارى للكتب
الرقم الدولى المعيارى للكتاب 9780521855921 (hbk.)
020 ## - الرقم الدولى المعيارى للكتب
الرقم الدولى المعيارى للكتاب 0521855926 (hbk.)
020 ## - الرقم الدولى المعيارى للكتب
الرقم الدولى المعيارى للكتاب 9780521671859 (pbk.)
020 ## - الرقم الدولى المعيارى للكتب
الرقم الدولى المعيارى للكتاب 052167185X (pbk.)
035 ## - رقم ضبط النظام
رقم ضبط النظام (OCoLC)ocn170955047
040 ## - مصدر الفهرسة
وكالة الفهرسة الأصلية EG-CaGPL
وكالة النسخ EG-CaGPL
042 ## -
-- ukblcatcopy
-- lccopycat
043 ## - رمز المنطقة الجغرافية
رمز المنطقة الجغرافية a-is---
082 04 - رقم تصنيف ديوى العشرى
رقم الطبعة 21
رقم التصنيف 956.94\
رقم المادة B I
245 00 - بيان العنوان
العنوان Israel since 1980 /
بيان المسئوليه,etc Guy Ben-Porat ... [et al].
260 ## - PUBLICATION, DISTRIBUTION, ETC. (IMPRINT)
تاريخ النشر أو التوزيع 2008.
300 ## - الوصف المادى
التعداد x, 190 p. :
تفاصيل ماديه اخرى للوعاء ill., maps. ;
أبعاد الوعاء 23 cm.
490 ## - بيان السلسلة
عنوان السلسلة The world since 1980
500 ## - تبصرة عامة
تبصرة عامة Includes index.
504 ## - تبصرة ببليوجرافية
تبصرة ببليوجرافية,الخ Includes bibliographical references and index.
651 #0 - المدخل الاضافى بالموضوع - اسم جغرافى
الاسم الجغرافي Israel
التقسيم الفرعي العام History
التقسيم الفرعي الزمني 1993-
651 #0 - المدخل الاضافى بالموضوع - اسم جغرافى
الاسم الجغرافي Israel
التقسيم الفرعي العام History
التقسيم الفرعي الزمني 1967-1993.
700 1# - المدخل الاضافى - اسم شخصى
الإسم الشخصى Ben-Porat, Guy.
942 ## - عناصر المدخل الإضافي( كوها)
مصدر التصنيف او مخطط الترفيف Dewey Decimal Classification
Koha [default] item type كتاب
260 ## - PUBLICATION, DISTRIBUTION, ETC. (IMPRINT)
-- Cambridge :
-- Cambridge University Press,
Holdings
حالة التراجع حالة الفقد مصدر التصنيف او خطة الترفيف حالة تلف ليس للاعارة المكان المؤقت الموقع الحالى تاريخ الاكتساب اجمالي اﻻعارات رقم الطلب الباركود تاريخ اخر مشاهدة تاريخ تفعيل السعر نوع وعاء كوها
    ddc     مكتبة القاهرة الكبرى مكتبة القاهرة الكبرى 03/11/2015   956.94\ B I 159749 03/11/2015 03/11/2015 كتاب

Powered By

EGPV